| 000 | 00369nam a22001217a 4500 | ||
|---|---|---|---|
| 999 |
_c3774 _d3774 |
||
| 005 | 20201217145630.0 | ||
| 008 | 201217b ||||| |||| 00| 0 eng d | ||
| 020 | _a0745607845 | ||
| 040 | _cCML | ||
| 245 |
_aJesus and the JUdaism ofm his Time. _cZeitlin I.M. |
||
| 260 |
_aLondon _bCambridge University _c1988 |
||
| 942 |
_2ddc _cBK _e1st Edition _h232.9 _mZEI |
||